Strengthening research partnerships in sub-Saharan Africa, ICRAF House, Nairobi, Kenya, 15-16 June 1992.

Bibliographic Details
Corporate Author: Consultative Group on International Agricultural Research
Format: Book
Language:English
Published: [Place of publication not identified] : The Hague, Netherlands : Centre Directors Committee, CGIAR ; Available from Publications, International Service for National Agricultural Research (ISNAR), [1992]
Subjects:

MARC

Tag First Indicator Second Indicator Subfields
LEADER 00000cam a2200000 a 4500
001 in00001089521
005 20150929205113.0
008 930113s1992 xx 000 0 eng d
020 |a 929059103X 
035 |a (OCoLC)27245423 
035 |9 AFT5198AM 
040 |a DJB  |c DJB  |d TXA  |d UtOrBLW 
049 |a TXAM 
090 |a S542.A357  |b S77 1992 
245 0 0 |a Strengthening research partnerships in sub-Saharan Africa, ICRAF House, Nairobi, Kenya, 15-16 June 1992. 
264 1 |a [Place of publication not identified] :  |b Centre Directors Committee, CGIAR ;  |a The Hague, Netherlands :  |b Available from Publications, International Service for National Agricultural Research (ISNAR),  |c [1992] 
300 |a 58 pages ;  |c 25 cm. 
336 |a text  |b txt  |2 rdacontent 
337 |a unmediated  |b n  |2 rdamedia 
338 |a volume  |b nc  |2 rdacarrier 
500 |a "Report of a round-table dialogue between the Leaders of National Agricultural Research Systems and the Directors General of International Agricultural Centres." 
500 |a "Contributions from the Swedish Agency for Research Cooperation with developing countries and the Netherlands Ministry of foreign Affairs"--P. 2 of cover. 
650 0 |a Agriculture  |x Research  |z Africa, Sub-Saharan. 
650 0 |a National agricultural research systems  |z Africa, Sub-Saharan. 
710 2 |a Consultative Group on International Agricultural Research. 
999 |a MARS 
999 f f |s a49f4d3d-c0b9-3d05-9d9c-d2973289f6ac  |i f14b45ac-93bd-3d69-9c63-cf4cf4c67081  |t 0 
952 f f |p ric  |a Texas A&M University  |b Rellis Campus  |c Joint Library Facility  |d Remote Storage  |t 0  |e S542.A357 S77 1992  |h Library of Congress classification  |i unmediated -- volume  |m A14816789693 
998 f f |a S542.A357 S77 1992  |t 0  |l Remote Storage